000 00325nam a22001337a 4500
020 _q978-969-7632-01-5
040 _cNUST
082 _a891.4392,JUN
245 _aJunoon-e-Rukhe Wafa
260 _aIslamabad
_bPakistan Foundation
_c2018
300 _a205 p.;
650 _aUrdu Literature
942 _2ddc
_cBK
_k891.4392,JUN
999 _c593746
_d593746